000 00560cas a22001694i 4500
999 _c50594
_d50594
001 768714001
003 CO-MdFUSB
005 20180310095614.0
008 180310b xxu||||| |||| 00| 0 eng d
040 _aCO-MdFUSB
_bspa
_cCO-MdFUSB
_dCO-MdFUSB
041 _aspa
100 1 _aPugliese, Ricardo M.
_eautor
245 1 0 _aConsecuencias de la decadencia espiritual
300 _aVolumen 4. Número 11 (1998), páginas 171-173
_c: 28 cm.
773 0 _tConquista Cristiana
_049446
_960311
_gVolumen 4. Número 11 (1998), páginas 171-173
_qpágina 171
942 _cANA